50 Biggest cities in the western hemisphere - Statistics

General Stats
  • This quiz has been taken 49 times
    42 since last reset
  • The average score is 42 of 50
Answer Stats
Population # Answer Country % Correct
20,892,724 2 Mexico City Mexico
100%
9,904,727 8 Chicago USA
97%
7,102,796 10 Dallas USA
97%
9,551,031 5 Los angeles USA
97%
6,012,331 16 Miami USA
97%
20,182,305 3 New york USA
97%
6,069,875 15 Philadelphia USA
97%
13,340,068 6 Rio de janeiro Brazil
97%
21,090,792 1 Sao paulo Brazil
97%
6,129,934 13 Toronto Canada
97%
9,286,225 9 Bogota Colombia
95%
4,302,043 26 Detroit USA
95%
6,656,947 12 Houston USA
95%
12,280,702 7 Lima Peru
95%
4,656,132 22 San francisco USA
95%
6,683,852 11 Santiago Chile
95%
3,733,580 34 Seattle USA
95%
13,693,657 4 Buenos aires Argentina
92%
4,574,531 23 Phoenix USA
92%
6,097,684 14 Washington DC USA
92%
4,774,321 21 Boston USA
89%
5,322,310 19 Caracas Venezuela
89%
4,060,692 29 Montreal Canada
89%
2,653,330 48 Quito Ecuador
89%
5,710,795 18 Atlanta USA
87%
5,829,923 17 Belo horizonte Brazil
87%
4,201,737 28 Brasilia Brazil
87%
2,814,330 44 Denver USA
87%
5,322,310 20 Guadalajara Mexico
87%
2,749,161 47 Guatemala city Guatemala
87%
2,618,894 49 Port au prince Haiti
87%
2,797,407 46 Baltimore USA
84%
3,299,521 38 San diego USA
84%
2,952,159 41 Guayaquil Ecuador
82%
3,658,648 35 Santo domingo Dominican RP
82%
3,777,009 33 Medellin Colombia
79%
2,911,278 43 Cali Colombia
76%
3,524,583 36 Minneapolis USA
76%
4,475,949 25 Monterrey Mexico
76%
3,953,290 32 Recife Brazil
76%
4,258,926 27 Porto Alegre Brazil
74%
3,502,804 37 Curitiba Brazil
71%
3,985,297 30 Fortaleza Brazil
71%
3,953,290 31 Salvador Brazil
71%
2,576,836 50 Maracaibo Venezuela
68%
2,975,225 40 Tampa USA
68%
2,941,988 42 Puebla Mexico
61%
2,811,588 45 St Louis USA
61%
3,094,181 39 Campinas Brazil
42%
4,489,159 24 Riverside USA
29%
No matching quizzes found
Score Distribution
Percent of People with Each Score
Percentile by Number Answered
Your Score History
You have not taken this quiz since the last reset